Training and Development Handbook: A Guide to Human Resources Development. (Record no. 5829)

MARC details
005 - DATE AND TIME OF LATEST TRANSACTION
control field 20250628070233.0
020 ## - INTERNATIONAL STANDARD BOOK NUMBER
International Standard Book Number 0-07-013350-6
082 ## - DEWEY DECIMAL CLASSIFICATION NUMBER
Classification number 658.312 CRA
245 ## - TITLE STATEMENT
Title Training and Development Handbook: A Guide to Human Resources Development.
250 ## - EDITION STATEMENT
Edition statement 2nd Ed.
260 ## - PUBLICATION, DISTRIBUTION, ETC.
Place of publication, distribution, etc. New York,
Name of publisher, distributor, etc. McGraw Hill,
Date of publication, distribution, etc. 1976.
300 ## - PHYSICAL DESCRIPTION
Extent xiv, 970p.: ill.; figure
Other physical details Bibliography, Index & References
Dimensions 26cm
700 ## - ADDED ENTRY--PERSONAL NAME
Other authors/Editors CRAIG, R. L.
942 ## - ADDED ENTRY ELEMENTS (KOHA)
Source of classification or shelving scheme Dewey Decimal Classification
Koha item type Books
Holdings
Date last seen Total checkouts Full call number Barcode Cost, replacement price Price effective from Koha item type Lost status Source of classification or shelving scheme Damaged status Not for loan Withdrawn status Home library Current library Shelving location Date acquired Cost, normal purchase price
06/28/2025   658.312 GRA DOM0003490 30000.00 06/28/2025 Books   Dewey Decimal Classification       CBE Dodoma CBE Dodoma General Collection 02/11/1986 10000.00